000 00429nmm a2200145Ia 4500
008 251105s9999||||xx |||||||||||||||||und||
041 _aspa
100 _aDeveraux, Jude
245 0 _aEl caballero de la brillante armadura. La saga Montgomery X
264 _a[Madrid, España] :
_bEdiciones B,
_c2016
300 _a419 páginas
650 _aRomance
856 _uhttps://public.digitaliapublishing.com/a/54333
942 _cCF
999 _c106048
_d106048